1025 1739 1080 1914 1082 1554 1817 1136 1120 1131 1054 1412 1621 1004 1238 1523 1096 1574 1918 1425 1629 1504 1800 1917 1774 1348 1562 1872 1450 1516 1194 1954 1300 1467 1014 1219 1871 1089 1364 1591 1053 1965 1699 1797 1713 1838 1352 1197 1318 1871 1556 1976 1814 1096 1069 1315 1626 1737 1116 1474 1847 1736 1103 1851 1597 1753 1812 1579 1793 1804 1362 1985 1398 1313 1255 1342 1099 1301 1010 1624 1874 1759 1104 1311 1012 1759 1232 1364 1464 1143 1465 1822 1564 1768 1274 1180 1768 1834 1276 BCNSPRNW ULIB Ver.6.0+V

เปลี่ยนเป็นภาษาไทย

Change to English
 แสดงรายละเอียดบรรณานุกรม
  กลับหน้าหลัก

Brief Record : Get Marc (ISO 2709) : E-mail record : QR code < ปิดหน้าต่าง
LEADER : 00000nam 2200000uu 4500
001    13399112475
003     ULIB
008    110817s2550||||th 000 0 tha d
050  4 HN700.55^bศ817ส 2550
110 1  จุฬาลงกรณ์มหาวิทยาลัย^bวิทยาลัยประชากรศาสตร์^bศูนย์สารสนเทศทางประชากรศาสตร์
245 00 สารพันความรู้ประชากรในรอบปี พ.ศ. 2550 /^cศูนย์สารสนเทศทางประชากรศาสตร์ วิทยาลัยประชากรศาสตร์ จุฬาลงกรณ์มหาวิทยาลัย
250    พิมพ์ครั้งที่ 1
260    กรุงเทพฯ :^bจุฬาลงกรณ์มหาวิทยาลัย,^c2550
300    101 หน้า :^bภาพประกอบ ;^c30 ซม.
650  4 ประชากร
650  4 ประชากร^xสถิติ
650  4 สถิติชีพ
945    ^p0^l0^i023557
995    ทศพร
999 ^a ทศพร
รายการนี้ยังไม่มีแท็ก
คุณยังไม่ได้ล็อกอิน คุณสามารถมีกิจกรรมร่วมกับเว็บไซต์ได้ แต่ต้องล็อกอินก่อน ::
  ล็อกอิน

รายการสื่อสารสนเทศ

ลำดับที่ ประเภท เลขเรียก/บาร์โค้ด สถานที่ สถานะ
- ไม่พบข้อมูล -

รายการใกล้เคียง
    หัวเรื่อง [ประชากร]
    หัวเรื่อง [สถิติชีพ]

BibComment


ยังไม่เคยถูกคอมเมนท์

คอมเมนท์ทรัพยากรรายการนี้
  คอมเมนท์: สารพันความรู้ประช..


 Copyright 2026. Bcnsprnw @Library